000 00783nam a2200229 i 4500
001 135203
003 ES-MaACL
005 20260104170049.0
007 t|
008 070711s1959 sp ||||1| spa d
080 _a882-31"18"
100 1 _aTolstói, Lev,
_d1828-1910
_9110489
245 1 3 _aLa guerra y la paz /
_cLev Nikolaevich Tolstoï ; traducción directa del ruso por Francisco José Alcántara y José Laín Entralgo.
260 _aBarcelona :
_bVergara,
_c[1959]
300 _a2 v. ;
_c18 cm.
490 1 _aCol. de Clasicos Vergara
700 1 _aAlcántara, Francisco José,
_d1922-1999
_919493
700 1 _aLaín Entralgo, José.
_969679
830 0 _aClásicos Vergara
_9192239
852 _aES-MaACL
_jC-17062-3
_bR.45545
999 _c135203
_d135203